MARC details
| 000 -LEADER |
| fixed length control field |
01951cam a2200361 a 4500 |
| 001 - CONTROL NUMBER |
| control field |
12358843 |
| 003 - CONTROL NUMBER IDENTIFIER |
| control field |
OSt |
| 005 - DATE AND TIME OF LATEST TRANSACTION |
| control field |
20230602145544.0 |
| 008 - FIXED-LENGTH DATA ELEMENTS--GENERAL INFORMATION |
| fixed length control field |
010214s2001 ke ab s f000 0 eng |
| 035 ## - SYSTEM CONTROL NUMBER |
| System control number |
(DLC) 00379347 |
| 040 ## - CATALOGING SOURCE |
| Original cataloging agency |
DLC |
| Transcribing agency |
DLC |
| Modifying agency |
DLC |
| 042 ## - AUTHENTICATION CODE |
| Authentication code |
lcode |
| 043 ## - GEOGRAPHIC AREA CODE |
| Geographic area code |
f-ke--- |
| 082 ## - DEWEY DECIMAL CLASSIFICATION NUMBER |
| Classification number |
304.6096762 |
| Item number |
KEN |
| 110 ## - MAIN ENTRY--CORPORATE NAME |
| Subordinate unit |
Central Bureau of Statistics Ministry of Finance and Planning |
| 245 04 - TITLE STATEMENT |
| Title |
The 1999 population & housing census : |
| Remainder of title |
counting our people for development / |
| Statement of responsibility, etc. |
[prepared by Central Bureau of Statistics, Ministry of Finance and Planning]. |
| 246 14 - VARYING FORM OF TITLE |
| Title proper/short title |
1999 population and housing census |
| 246 14 - VARYING FORM OF TITLE |
| Title proper/short title |
Kenya 1999 population and housing census |
| 260 ## - PUBLICATION, DISTRIBUTION, ETC. (IMPRINT) |
| Place of publication, distribution, etc. |
[Nairobi] : |
| Name of publisher, distributor, etc. |
The Bureau, |
| Date of publication, distribution, etc. |
[2001]-c2004. |
| 300 ## - PHYSICAL DESCRIPTION |
| Extent |
XVII,363p |
| Other physical details |
ill., maps ; |
| Dimensions |
29 cm. |
| 440 ## - SERIES STATEMENT/ADDED ENTRY--TITLE |
| Volume/sequential designation |
II |
| 500 ## - GENERAL NOTE |
| General note |
"January 2001"--Vols. 1-2, t.p. |
| 500 ## - GENERAL NOTE |
| General note |
"August 2002"--Vols 3-11, t.p. |
| 500 ## - GENERAL NOTE |
| General note |
Subtitle lacking in vols 3-11. |
| 505 1# - FORMATTED CONTENTS NOTE |
| Formatted contents note |
v. 1. Population distribution by administrative areas and urban centres -- v. 2. Socio-economic profile of the population -- v. 3. The population dynamics of Kenya : analytical report -- v. 4. Analytical report on fertility and nuptiality -- v. 5. Analytical report on mortality -- v. 6. Analytical report on migration and urbanisation -- v. 7. Analytical report on population projections -- v. 8. Analytical report on education -- v. 9. The labour force monograph -- v. 10. Analytical report on housing conditions and social amenities -- v. 11. Analytical report on gender dimensions. |
| 650 #0 - SUBJECT ADDED ENTRY--TOPICAL TERM |
| Topical term or geographic name as entry element |
Housing |
| Geographic subdivision |
Kenya |
| Form subdivision |
Statistics. |
| 651 #0 - SUBJECT ADDED ENTRY--GEOGRAPHIC NAME |
| Geographic name |
Kenya |
| General subdivision |
Census, 1999. |
| 651 #0 - SUBJECT ADDED ENTRY--GEOGRAPHIC NAME |
| Geographic name |
Kenya |
| General subdivision |
Population |
| Form subdivision |
Statistics. |
| 710 1# - ADDED ENTRY--CORPORATE NAME |
| Corporate name or jurisdiction name as entry element |
Kenya. |
| Subordinate unit |
Central Bureau of Statistics. |
| 906 ## - LOCAL DATA ELEMENT F, LDF (RLIN) |
| a |
7 |
| b |
cbc |
| c |
origode |
| d |
2 |
| e |
ncip |
| f |
20 |
| g |
y-gencatlg |
| 942 ## - ADDED ENTRY ELEMENTS (KOHA) |
| Source of classification or shelving scheme |
Dewey Decimal Classification |
| Koha item type |
Books |